| 000 | 00479nam a22001577a 4500 | ||
|---|---|---|---|
| 999 |
_c16875 _d16875 |
||
| 008 | 180627b xxu||||| |||| 00| 0 eng d | ||
| 020 | _a0324323481 | ||
| 050 |
_aHB139 _b.W66 2006 c. 1 |
||
| 100 | _aWooldridge, Jeffrey M. | ||
| 245 |
_aIntroductory econometrics _ba modern approach _cJeffrey M. Wooldridge |
||
| 250 | _a3rd ed. | ||
| 260 |
_aUSA _bThomson Higher Education _c2006 |
||
| 300 | _axxii, 890 p. | ||
| 650 | _aEconometrics | ||
| 942 |
_2lcc _cBK _e3rd ed. _hHB139 |
||